000 00581nam a2200193 a 4500
001 000019256
005 20200929165950.0
008 100529s1987 ||| 000 p spa d
020 _a9806081382
040 _aDO-SdBNP
_bspa
_cBNPHU
082 _aV861.44
_bM491n
100 1 _aMedina, Darío,
_941429
245 1 0 _aNeblina y otros cuerpos /
_cDarío Medina.
260 _a[S.l.] :
_bConsejo Nacional de la Cultura ;
_bAteneo de Coro,
_c1987.
300 _a[99] p. :
_bil. ;
_c21 cm.
650 4 _aPoesía venezolana
_94230
650 4 _aLiteratura venezolana
_93816
049 _aBNGR
999 _c18774
_d18774